000 00738nam a2200229 a 4500
999 _c2821
_d2821
001 2821
003 BD-JhCC
005 20171107191013.0
008 171106s1399 bg |||| ||a| 000 0 ben d
020 _a8172930178
035 _a(BD-JhCC)
040 _aBD-JhCC
_dBD-JhCC
041 _aben
082 _a891.443
_bGUP 1397
100 _aগুপ্ত, নীহার রঞ্জন
245 _aকিরীটী অমনিবাস /
_cনীহার রঞ্জন গুপ্ত
260 _aকলকাতা :
_bমিত্র ও ঘোষ পাবলিশার্স প্রাঃ লিঃ,
_c1399.
300 _a২৭৪ p. :
_c21 cm.
650 _aDetective Fiction
942 _2ddc
_cBK